000 00573nam a2200193Ia 4500
005 20250508164710.0
008 008 250505s9999 xx 000 0 eng d
037 _aTextual
040 _aFEDL
_beng
_cFEDL
041 _aeng
_2eng
084 _a001.422, HIN
_qFEDL
100 _aHinkle Dennis E and others
_9778897
245 0 _aApplied statistics for the behavioral sciences
250 _a3
260 _aBoston, USA
_bHoughton Mifflin Company
_c1994
546 _aPhotocopy; Ch.7 to 21
942 _cTEXL
_h001.422, HIN
999 _c1390629
_d1390629